| 000 | 00605cam a22002053a 4500 | ||
|---|---|---|---|
| 001 | 42532 | ||
| 003 | PGUSA | ||
| 005 | 20140828083949.0 | ||
| 008 | 130414s2013||||xxu|||||s|||||000 | eng d | ||
| 040 |
_aPGUSA _beng |
||
| 042 | _adc | ||
| 100 | 1 |
_aWraxall, Lascelles, _cSir, _d1828-1865 |
|
| 245 | 1 | 4 |
_aThe Gold-Seekers : _bA Tale of California _h[electronic resource] / _cLascelles, Wraxall |
| 260 |
_bProject Gutenberg, _c2013 |
||
| 506 | _aPublic domain in the USA. | ||
| 516 | _aElectronic text | ||
| 830 | 0 |
_aProject Gutenberg _v42532 |
|
| 856 | 4 | 0 | _uhttp://www.gutenberg.org/ebooks/42532 |
| 942 | _cEB | ||
| 999 |
_c271784 _d271784 |
||